| 000 | 01155nam a22003257a 4500 | ||
|---|---|---|---|
| 001 | 6285 | ||
| 003 | FISKH | ||
| 005 | 20250409110438.0 | ||
| 008 | 250409b cb ||||| |||| 00| 0 eng d | ||
| 020 | _a9780439671514 | ||
| 040 |
_aDLC _cDLC _dDLC _beng |
||
| 050 | _aPZ7.K6797 H | ||
| 082 | _a813.54 | ||
| 100 | 1 |
_aKline, Suzy _d(1943-) |
|
| 245 | 1 | 0 |
_aHorrible Harry and the holidaze / _cby Suzy Kline ; pictures by Frank Remkiewicz. |
| 250 | _aThis edition first published in 2004 | ||
| 260 |
_aNew York : _bScholastic, _c2003. |
||
| 300 |
_a67 pages : _billustrations ; _c20 cm. |
||
| 505 | _aN | ||
| 520 | _aMiss Mackle's third graders share December holiday traditions--Christmas, Hanukkah, Kwanzaa, Three Kings Day, and Korean New Year--with each other and with Harry's great grandfather, who has just moved to a nursing home. | ||
| 521 | 8 |
_a560
_bLexile |
|
| 521 | 8 |
_aN
_bRaz-Plus |
|
| 650 | 1 |
_aHolidays _vFiction. |
|
| 650 | 1 |
_aSchools _vFiction. |
|
| 650 | 1 |
_aNursing homes _vFiction. |
|
| 700 |
_aRemkiewicz, Frank _eillustrator |
||
| 906 |
_a7 _bcbc _corignew _d1 _eecip _f20 _gy-gencatlg |
||
| 942 |
_2ddc _cBK _n0 |
||
| 999 |
_c6285 _d6285 |
||